Burkert, Martin. Die Ostwissenschaften im Dritten Reich. - Wiesbaden : Harrassowitz [Rezension]

Titel: Burkert, Martin. Die Ostwissenschaften im Dritten Reich. - Wiesbaden : Harrassowitz [Rezension]
Verfasser:
In: Inter finitimos. Beiheft = Zeszyt specjalny, Heft 17/18 (2000), Seite 66-76
alle Artikel anzeigen
Veröffentlicht: 2000 [2001]
Format: Aufsatz
Sprache: Deutsch
Kein Bild verfügbar
X
alg: 39505096
001A    $01999:12-11-16 
001B    $01999:04-08-21 $t21:03:13.000 
001D    $01999:12-11-16 
001U    $0utf8 
001X    $00 
002@    $0Aox 
003@    $0395050960 
007A    $0395050960 $aHEB 
007T    $0Herd35357 
010@    $ager 
011@    $a2000 $n2000 [2001] 
021A    $aBurkert, Martin. Die @Ostwissenschaften im Dritten Reich. - Wiesbaden : Harrassowitz [Rezension] 
028A    $#Kšoska, Markus $7133555674 $8Krzoska, Markus$Z1967- [Tp1] $9191595098 
031A    $e17/18 $h66-76 $j2000 
039B    $aIn $8--Abvc--. Inter finitimos. Beiheft = Zeszyt specjalny. - Marburg : Herder Inst., 1998-2000. - ISSN 1615-0597 $x200000000000017934 $9072373210 
039T    $8--Acu--Burkert, Martin [Tnd]. Die @Ostwissenschaften im Dritten Reich. - Wiesbaden : Harrassowitz $9094083711 
045F    $a900.9437 $eDDC23BSB 
045F/01 $a900 
045F/03 $g437 
045F/03 $g438 

lok: 39505096 78

exp: 39505096 78 1 #EPN
201B/01 $018-11-16 $t13:35:44.000 
201U/01 $0utf8 
203@/01 $0791349594 
208@/01 $a12-11-16 $be 
209A/01 $a/ $f000 $x00 
220C/01 $aTitelaufnehmer: cs 
244Z/01 $2Trx $#Kesk- ja Ida- Euroopa kontseptsioonid $#Vidurio Europos koncepcijos $#East-Central Europe $#Keletközépeurópa-eszmék $#Europa Środkowo-Wschodnia koncepcje $#Európa stredovýchodná koncepcie $#Evropa střední, východní část koncepce $#Mitteleuropa $#Osteuropakonzeptionen $#Europa Środkowa koncepcje $#Stredná Európa koncepcie $#Střední Europa koncepce $8--Trx--Ostmitteleuropakonzeptionen $x01 $9391364286 
244Z/01 $2Trx $#Poola $#Lenkija $#Polija $#Polen Land $#Poland $#Lengyelország $#Poľsko $#Polsko $8--Trx--Polska$gkraj $x02 $9391345966 
244Z/01 $2Trx $#arvustused $#recenzijos $#Reviews $#recenziók $#recenzje $#recenzie $#recenze $8--Trx--Rezensionen $x03 $9391357441 
247C/01 $82080>Marburg/Lahn, Herder-Institut, Forschungsbibliothek, Bibliographieportal $9336309341
LEADER 00000caa a22000002c 4500
001 395050960
003 DE-603
005 20210804210313.0
007 tu
008 161112s2000 xx |||| | u00||u|ger c
035 |a (DE-599)HEB395050960 
040 |a DE-603  |b ger  |c DE-603  |d DE-603 
041 |a ger 
082 0 4 |8 1\u  |a 900.9437  |q DE-101  |2 23/BSB 
085 |8 1\u  |b 900 
085 |8 1\u  |z 2  |s 437 
085 |8 1\u  |z 2  |s 438 
100 1 |a Krzoska, Markus  |d 1967-  |0 (DE-603)191595098  |0 (DE-588)133555674  |2 gnd 
245 0 0 |a ˜Burkert, Martin. Dieœ Ostwissenschaften im Dritten Reich. - Wiesbaden : Harrassowitz [Rezension] 
264 0 |c 2000 [2001] 
773 0 8 |i In  |t Inter finitimos. Beiheft = Zeszyt specjalny  |d Marburg : Herder Inst., 1998-2000  |x 1615-0597  |g Heft 17/18 (2000), Seite 66-76  |w (DE-603)072373210  |w (DE-600)1473311-0 
787 0 8 |i Rezension von  |a Burkert, Martin  |t ˜Dieœ Ostwissenschaften im Dritten Reich  |d Wiesbaden : Harrassowitz  |w (DE-603)094083711 
924 0 |9 2080  |a (DE-603)791349594  |b DE-2080  |c HES  |d d  |g /